00476 2200157 4500001002100000008004100021035002000062245006600082100002200148260004100170020001700211084001700228082001100245650004900256990001300305INLIS000000000000248 ind  a0010-0120000248 aAl-Qur'an dan Hadist 1bbKelas 7 Semester 2cFachrudin Djalal aDjalal, Fachrudin aSidoarjo :bListafariska Putrac2004 aNOISBN-00034 a297.12 DJA a a297.12 aAl-Qur'an dan Hadist -- Studi dan Pengajaran a21900248